LEADER 01690nam a2200349 a 4500 001 000000121568 003 CaOOAMICUS 005 20100505152321.0 008 100505t2010 it u000 u ita r 020 $a978-88-452-6420-7 040 $aPUL$bita$dReb 041 1 $aita$alat$hlat 100 0 $aThomas Aquinas,$cs.,$dc. 1225-1274.$0(OLS)http://pul/name/3373 240 10$aSumma theologiae.$lItaliano.$0(OLS)http://pul/title/149737 245 13$aLa felicitą :$bSumma Theologiae, I-II, questioni 1-5 /$cTommaso D'Aquino ; introduzione, traduzione, note e apparati di Umberto Galeazzi. 260 $aMilano :$bBompiani,$c©2010. 300 $a477 p. ;$c21 cm. 490 1 $aBompiani testi a fronte ;$v128 504 $aBibliografia p. [447]-459. 546 $aTesto latino a fronte. 700 1 $aGaleazzi, Umberto.$0(OLS)http://pul/name/5567 700 0 $aThomas Aquinas,$cs.,$dc. 1225-1274.$tSumma Theologiae, I-II, qq. 1-5.$0(OLS)http://pul/nameTitle/1261$0(OLS)http://pul/name/3373$0(OLS)http://pul/title/152960 830 0$aBompiani testi a fronte ;$v128.$0(OLS)http://pul/title/87343 850 $aPUL 852 $aPUL$W1$xSL Filosofia 2$y80$mPhil A2 2.128$j139526$qStampati Altre Collocazioni$B138731$CPULBib$Z2$F138731 $H113515 $82 900 $aTommaso d'Aquino,$cs.,$dc.1225-1274$93373 900 $aTommaso d'Aquino,$cs.,$dc.1225-1274$93373 941 1 $a10 983 0$aTesti a fronte (Bompiani) 996 $6020$a978-88-452-6420-7$9(OLS)http://pul/number/144074 996 $6245$aLa felicitą :$bSumma Theologiae, I-II, questioni 1-5$9(OLS)http://pul/title/152958 996 $6260$aMilano :$bBompiani$9(OLS)http://pul/publisher/48240 LEADER 00965nam a2200241 u 4500 001 000000088296 003 CaOOAMICUS 005 20070226124510.0 008 051027s1958 it u000 u ita u 035 $a11065858 040 $aPUL(R)$bita 041 1 $aita$heng 100 1 $aD'Arcy, Martin Cyril,$d1888-1976.$0(OLS)http://pul/name/10457 240 10$aCommunism and Cristianity.$lItaliano.$0(OLS)http://pul/title/114124 245 10$aComunismo e Cristianesimo /$cMartin D'Arcy. 260 $aRoma :$bEdizioni Cinque Lune,$c1958. 300 $a286 p. ;$c21 cm 650 4$aCattolicesimo e comunismo.$0(OLS)http://pul/subject/5614 850 $aPUL 852 $aPUL$W1$xDP1 Fondo Pastorale$y55$mP5 C 22$j111844$nBK-PRI$b $qFondi$B111844$CPULBib$Z2$F111844 $HPUL1003 $81 941 1 $a1 996 $6245$aComunismo e Cristianesimo$9(OLS)http://pul/title/114125 996 $6260$aRoma :$bEdizioni Cinque Lune$9(OLS)http://pul/publisher/49219